000 00644nam a2200241 i 4500
001 C2-0234070
003 PPAK
005 20180727194631.0
008 010627s2001 my |||| ||||| | may d
020 _a9676112259 ; 9789676112255
040 _aPPAK
_beng
_cPPAK
_erda
082 0 4 _a899.233
_223
090 0 0 _a899.233
_bSRI
_dG
100 0 _aSri Rahayu Mohd Yusop,
_eauthor
245 1 0 _aBukan legasi lalang
264 1 _aKuala Lumpur :
_bUtusan ,
_c2001
300 _a155 pages ;
_c18 cm
336 _2rdacontent
_atext
337 _2rdamedia
_aunmediated
338 _2rdacarrier
_avolume
650 1 0 _aMalay fiction.
942 _ddc
_cB
999 _c50400
_d50400